banner-ar

THE EVOLUTION OF LIFE HISTORIES: THEORY AND ANALYSIS / (Record no. 22833)

MARC details
000 -الفاتح
حقل البيانات ثابتة الطول 00542nam a2200193Ia 4500
008 - عناصر البيانات ثابتة الطول - معلومات عامة
حقل البيانات ثابتة الطول 140319s9999 xx 000 0 eng d
040 ## - مصدر الفهرسة
وكالة الفهرسة الأصلية GCL /
وكالة النسخ GCL
082 04 - رقم تصنيف ديوى العشرى
رقم التصنيف 575.01'62
رقم المادة R E
100 1# - المدخل الرئيسى - إسم شخصى
الإسم الشخصى ROFF, DERED A.
245 10 - بيان العنوان
العنوان THE EVOLUTION OF LIFE HISTORIES: THEORY AND ANALYSIS /
بيان المسئوليه,etc ROFF, DERED A.
260 ## - PUBLICATION, DISTRIBUTION, ETC. (IMPRINT)
تاريخ النشر أو التوزيع 1992
300 ## - الوصف المادى
التعداد 535 P
650 04 - المدخل الاضافى بالموضوع-مصطلح موضوعى
مصطلح موضوعي MATHEMATICAL MODELS
650 04 - المدخل الاضافى بالموضوع-مصطلح موضوعى
مصطلح موضوعي VARIATION (BIOLOGY)
650 04 - المدخل الاضافى بالموضوع-مصطلح موضوعى
مصطلح موضوعي NATURAL SELECTION
650 04 - المدخل الاضافى بالموضوع-مصطلح موضوعى
مصطلح موضوعي BIOLOGICAL DIVERSITY
942 ## - عناصر المدخل الإضافي( كوها)
مصدر التصنيف او مخطط الترفيف Dewey Decimal Classification
Koha [default] item type كتاب
260 ## - PUBLICATION, DISTRIBUTION, ETC. (IMPRINT)
-- [S.N] :
-- CHAPMAN & HALL ،
Holdings
حالة التراجع حالة الفقد حالة تلف ليس للاعارة المكان المؤقت الموقع الحالى تاريخ الاكتساب اجمالي اﻻعارات رقم الطلب الباركود تاريخ اخر مشاهدة تاريخ تفعيل السعر نوع وعاء كوها
        مكتبة القاهرة الكبرى مكتبة القاهرة الكبرى 03/26/2014   575.01'62\R E 41153 03/26/2014 03/26/2014 كتاب
        مكتبة القاهرة الكبرى مكتبة القاهرة الكبرى 03/26/2014   575.01'62\R E 41154 03/26/2014 03/26/2014 كتاب

Powered By

EGPV